00819cam a2200193 a 450000100100000000500170001000800410002702000150006804000250008308200190010810000320012724501190015926001090027830000280038750400420041565000760045765100520053365100400058500000663420200929153949.0941228s1994 ck a f000 0dspa  a9586121836 aDO-SdBNPbspacBNPHU a918.641bM953c1 aMújica, Elisa.d1918-200314aLas casas que hablan :bguía histórica del barrio de la Candelaria de Santafé de Bogotá /cElisa Mújica. aBogotá, Colombia :bCorporación La Candelaria,bBiblioteca Nacional de Colombia,bColcultura,c1994. a198 p. :bil. ;c28 cm. aIncluye referencias bibliográficas. 4aEdificios históricoszColombiazCandelaria (Bogotá{Rpara}xHistoria 4aCandelaria (Bogotá, Colombia{Rpara}xHistoria 4aBogotá (Colombia{Rpara}xHistoria